| 000 | 01201nam0a2200313 4500 | ||
|---|---|---|---|
| 001 | RU\NLR\bibl\113921 | ||
| 005 | 20250617093440.0 | ||
| 010 |
_a5-237-04351-8 _bАСТ |
||
| 010 |
_a5-86290-394-1 _bВнешсигма _910000 |
||
| 021 |
_aRU _b2000-24106 _91144 |
||
| 035 | _a(NLR Aleph) 000111530 | ||
| 090 |
_a632813 _c632813 |
||
| 100 | _a20001020d2000 |||y0rusy50 ca | ||
| 101 | 0 | _arus | |
| 102 | _aRU | ||
| 105 | _aa ||||||||| | ||
| 200 | 1 |
_aСладкая выпечка _e[Тающее во рту печенье на все вкусы] _eСамые вкусные блюда для будней и праздников |
|
| 210 |
_aМ. _cВнешсигма _aНазрань _cАСТ _d2000 |
||
| 215 |
_a32 с. _cцв. ил. _d21 |
||
| 225 | 1 | _a50 рецептов | |
| 606 | 0 |
_aМучнистые кондитерские изделия _xРецептура _91630365 _3RU\NLR\auth\66720101 |
|
| 606 | 0 |
_aКондитерские изделия мучнистые _xРецептура _92082882 _3RU\NLR\auth\661258922 |
|
| 686 | _aЛ869 | ||
| 801 | 0 |
_aRU _bNLR _c20001020 _gPSBO |
|
| 801 | 1 |
_aRU _bNLR _c20001020 |
|
| 852 |
_aNLR _j2000-6/699 |
||
| 942 | _cBOOK | ||
| 980 | _aNB | ||